1273 1849 1457 1739 1781 1065 1526 1630 1248 1591 1613 1511 1749 1313 1654 1784 1258 1364 1324 1401 1137 1996 1390 1769 1269 1403 1513 1709 1627 1268 1212 1208 1684 1186 1674 1112 1054 1475 1735 1082 1604 1886 1401 1377 1615 1308 1698 1297 1088 1390 1071 1575 1612 1571 1293 1349 1139 1013 1829 1568 1036 1270 1392 1116 1052 1244 1009 1250 1869 1967 1474 1058 1550 1154 1462 1823 1597 1233 1662 1470 1856 1838 1533 1487 1909 1563 1769 1998 1693 1699 1874 1653 1614 1460 1235 1990 1645 1957 1916 BCNSPRNW ULIB Ver.6.0+V

เปลี่ยนเป็นภาษาไทย

Change to English
 แสดงรายละเอียดบรรณานุกรม
  กลับหน้าหลัก

Brief Record : Get Marc (ISO 2709) : E-mail record : QR code < ปิดหน้าต่าง
LEADER : 00000nam 2200000uu 4500
001    13399128241
003     ULIB
008    220822s2564||||th 000 0 tha d
050    ^aPE101^bธ581ก
100    ^aธิดากุล บุญรักษา
245    ^aการเขียนอนุเฉทภาษาอังกฤษ : English Paragraph Writing
250    ^aพิมพ์ครั้งที่ 1
260    ^aนครสวรรค์ :^bคณะมนุษยศาสตร์และสังคมศาสตร์ มหาวิทยาลัยราชภัฎนครสวรรค์,^c2564
300    ^a197 หน้า;^c30 ซม.
650    ^aอนุเฉทภาษาอังกฤษ--การเขียน
945    ^p0^l0^i009346
999    ^aประนอม เกษจรัล
รายการนี้ยังไม่มีแท็ก
คุณยังไม่ได้ล็อกอิน คุณสามารถมีกิจกรรมร่วมกับเว็บไซต์ได้ แต่ต้องล็อกอินก่อน ::
  ล็อกอิน

รายการสื่อสารสนเทศ

ลำดับที่ ประเภท เลขเรียก/บาร์โค้ด สถานที่ สถานะ
1. การศึกษาทั่วไป
หนังสือสำรอง
สถานะ=หนังสือสำรอง
PE101 ธ581ก ฉ.1 
  Barcode: 009346
ห้องสมุดวิทยาเขตสวรรค์ประชารักษ์
►หนังสือทั่วไป
บนชั้น

BibComment


ยังไม่เคยถูกคอมเมนท์

คอมเมนท์ทรัพยากรรายการนี้
  คอมเมนท์: การเขียนอนุเฉทภา..


 Copyright 2026. Bcnsprnw @Library